000 00578nam a2200217Ia 4500
005 20241129104201.0
008 241129s9999||||xx |||||||||||||| ||und||
020 _a9781538173985
037 _aTextual
040 _aRTL
_beng
_cRTL
041 _aeng
_2eng
084 _aY7498 R3
_qRTL
100 _aSmith Warren W.
_938195
245 0 _aTibet's fate
_cSmith Warren W.
260 _aMaryland
_bRowman and Littlefield
_c2023
300 _av,387p.
365 _aINR
_b3030
650 _aAsian Studies
942 _cTB
_hY7498 R3
999 _c1224782
_d1224782